Margaratería, el Bierzo, Galicia, Siria y Palestina en antigua y desconocida ligazón / (Record no. 39935)
[ view plain ]
| 000 -LEADER | |
|---|---|
| campo de control de longitud fija | 00492nam a2200145 i 4500 |
| 001 - NÚMERO DE CONTROL | |
| campo de control | 39935 |
| 003 - IDENTIFICADOR DE NÚMERO DE CONTROL | |
| campo de control | ES-MaACL |
| 007 - CAMPO FIJO DE DESCRIPCIÓN FÍSICA--INFORMACIÓN GENERAL | |
| campo de control de longitud fija | t| |
| 008 - DATOS DE LONGITUD FIJA--INFORMACIÓN GENERAL | |
| campo de control de longitud fija | 030304s1955 sp ||||1| spa d |
| 100 1# - ENTRADA PRINCIPAL--NOMBRE DE PERSONA | |
| Nombre de persona | Carro y Carro, Julio. |
| 9 (RLIN) | 35834 |
| 245 10 - MENCIÓN DEL TÍTULO | |
| Título | Margaratería, el Bierzo, Galicia, Siria y Palestina en antigua y desconocida ligazón / |
| Mención de responsabilidad, etc. | por Julio Carro y Carro. |
| 260 ## - PUBLICACIÓN, DISTRIBUCIÓN, ETC. | |
| Lugar de publicación, distribución, etc. | Madrid : |
| Nombre del editor, distribuidor, etc. | [s.n., |
| Fecha de publicación, distribución, etc. | 1955] ( |
| Fabricante | Maribel Art. Gráf.) |
| 300 ## - DESCRIPCIÓN FÍSICA | |
| Extensión | 169 p., 20 lám. ; |
| Dimensiones | 19 cm. |
| 852 ## - LOCALIZACIÓN | |
| Ubicación | ES-MaACL |
| Número de control de estantería | C-9695 |
| Sublocalización o colección | R.37632 |
| Estatus retirado | Estado de pérdida | Estado de daño | No para préstamo | Biblioteca de origen | Biblioteca actual | Ubicación en estantería | Fecha de adquisición | Fuente de adquisición | Total de préstamos | Signatura topográfica completa | Código de barras | Visto por última vez | Precio de reemplazo | Tipo de ítem Koha |
|---|---|---|---|---|---|---|---|---|---|---|---|---|---|---|
| Biblioteca del Ateneo de Madrid | Biblioteca del Ateneo de Madrid | Sala Palomar | 17/01/2008 | C-9695 | 1042051 | 23/02/2023 | 23/02/2023 | Libro impreso |
